03169 2201381 4500001002100000005001500021035002000036007000300056008004100059020002200100082001500122084002100137100002500158245024300183250001600426300003200442500001900474500002200493650001300515650002300528700002800551264003000579336002100609337003000630338002300660990001200683990001200695990001200707990001200719990001200731990001200743990001200755990001200767990001200779990001200791990001200803990001200815990001200827990001200839990001200851990001200863990001200875990001200887990001200899990001200911990001200923990001200935990001200947990001200959990001200971990001200983990001200995990001201007990001201019990001201031990001201043990001201055990001201067990001201079990001201091990001201103990001201115990001201127990001201139990001201151990001201163990001201175990001201187990001201199990001201211990001201223990001201235990001201247990001201259990001201271990001201283990001201295990001201307990001201319990001201331990001201343990001201355990001201367990001201379990001201391990001201403990001201415990001201427990001201439990001201451990001201463990001201475990001201487990001201499990001201511990001201523990001201535990001201547990001201559990001201571990001201583990001201595990001201607990001201619990001201631990001201643990001201655990001201667990001201679990001201691990001201703990001201715990001201727990001201739990001201751990001201763990001201775INLIS00000000000027920231027093220 a0010-1023000060ta231027 0 ind  a978-979-29-7018-0 a629.287 07 a629.287 07 FUR t0 aFurqon, ZePengarang1 aTeknologi Dasar Otomotif: SMK/MAK Kelas X :bProgram Keahlian Teknik Otomotif. Kompetensi Keahlian Teknik Kendaraan Ringan Otomotif. Kompetensi Keahlian Teknik Dan Bisnis Sepeda Motor. Kompetensi Keahlian Teknik Bodi Otomotif /cZ. Furqon acet 1 ed. 2 ax, 175 hlm :bilus ;c25 cm aKurikulum 2013 aEdisi Revisi 2017 4aOtomotif 4aKendaraan Bermotor0 aJoko PramonoePengarang aYogyakarta :bAndi,c2018 2rdacontentateks 2rdamediaatanpa perantara 2rdacarrieravolume a22.0924 a22.0925 a22.0926 a22.0927 a22.0928 a22.0929 a22.0930 a22.0931 a22.0932 a22.0933 a20.0292 a20.0293 a20.0294 a20.0295 a20.0296 a20.0297 a20.0298 a20.0299 a20.0300 a20.0301 a20.0302 a20.0303 a20.0304 a20.0305 a20.0306 a20.0307 a20.0308 a20.0309 a20.0310 a20.0311 a20.0312 a20.0313 a20.0314 a20.0315 a20.0316 a20.0317 a20.0318 a20.0319 a20.0320 a20.0321 a20.0322 a20.0323 a20.0324 a20.0325 a20.0326 a20.0327 a20.0328 a20.0329 a20.0330 a20.0331 a20.0332 a20.0333 a20.0334 a20.0335 a20.0336 a20.0337 a20.0338 a20.0339 a20.0340 a20.0341 a20.0342 a20.0343 a20.0344 a20.0345 a20.0346 a20.0347 a20.0348 a20.0349 a20.0350 a20.0351 a20.0352 a20.0353 a20.0354 a20.0355 a20.0356 a20.0357 a20.0358 a20.0359 a20.0360 a20.0361 a20.0362 a20.0363 a20.0364 a20.0365 a20.0366 a20.0367 a20.0368 a20.0369 a20.0370 a20.0371 a20.0372 a20.0373